| 000 | 01421nam0a2200361 4500 | ||
|---|---|---|---|
| 001 | RU\NLR\bibl\337583 | ||
| 005 | 20250621150441.0 | ||
| 010 |
_a5-85297-050-6 _93000 |
||
| 021 |
_aRU _b2002-41603 _92021 |
||
| 035 | _a(NLR Aleph) 000332498 | ||
| 090 |
_a165848 _c165848 |
||
| 100 | _a20021110d2002 |||y0rusy50 ca | ||
| 101 | 0 | _arus | |
| 102 | _aRU | ||
| 105 | _aa ||||||||| | ||
| 200 | 1 |
_aЖизненные навыки _eУроки психологии во 2-м кл. _eРабочая тетр. школьника _fЮ. С. Архипова и др. _gПод ред. С. В. Кривцовой |
|
| 210 |
_aМ. _cГенезис _d2002 |
||
| 215 |
_a63 с. _cил. _d29 |
||
| 606 | 0 |
_aПсихология _jРуководства, пособия и т.п. для средней школы _9931820 _3RU\NLR\auth\6624683 |
|
| 606 | 0 |
_aПсихология _jУчебные издания для средней школы _9931820 _3RU\NLR\auth\6624683 |
|
| 610 | 0 | _aПсихология - Изучение в начальной школе | |
| 675 |
_a373.167.1:159.9 _v3 _zrus |
||
| 686 |
_a14.25 _2rugasnti |
||
| 686 |
_a88.3я71 _2rubbk |
||
| 686 | _aЮ93я72 | ||
| 702 | 1 |
_aКривцова _bС. В. _4340 |
|
| 702 | 1 |
_aАрхипова _bЮ. С. _4220 |
|
| 801 | 0 |
_aRU _bRKP _c20021110 _gPSBO |
|
| 801 | 1 |
_aRU _bRKP _c20021110 |
|
| 801 | 2 |
_aRU _bNLR _c20021225 _grcr |
|
| 942 | _cBOOK | ||
| 980 | _aNB | ||